000 00858nas a2200301 4500
001 BR9213807
003 BR-BrBNA
005 20231205095124.0
007 ta
008 230509b bl.|||p| |||| 00| 00por d
040 _aBR-BrBNA
_bpor
_cBiblioteca Nacional de Agricultura
041 _a(Pt)
072 _aL50
100 1 _aMiller, W.J.
100 1 _aPires, F.L.
100 1 _aNascimento, J. do
100 1 _aAssis, A.I.
100 1 _aGiannoni, M.L.
245 1 _aAnalise da tipificacao sanguinea de algumas racas de bovinos brasileiros
650 _aBovino
650 _aSangue
650 _aSelecao Fenotipa
650 _aFenotipo
650 _aRaca
773 0 _tBoletim de Industria Animal (Brazil)
_xISSN 0067-9615
_g(Jul-Dec 1986), v. 43(2) p. 231-264
_wBR9213807
909 _a202311
_bLúcia
_c55
_dLúcia Elande
942 _2AGRIS
_n0
_cANA
999 _c148806
_d148806